Fr. Conceicao Rodrigues College of Engineering

Optimal control systems (Record no. 31247)

MARC details
000 -LEADER
fixed length control field 00319nam a2200157Ia 4500
082 ## - DEWEY DECIMAL CLASSIFICATION NUMBER
Item number NAI
100 ## - MAIN ENTRY--PERSONAL NAME
Personal name Naidu/D Subbaram
245 ## - TITLE STATEMENT
Title Optimal control systems
260 ## - PUBLICATION, DISTRIBUTION, ETC.
Name of publisher, distributor, etc. CRC Press
Date of publication, distribution, etc. 2003
366 ## - TRADE AVAILABILITY INFORMATION
Publishers's discount category 20
300 ## - PHYSICAL DESCRIPTION
Extent 433
546 ## - LANGUAGE NOTE
Language note ENGLISH
650 ## - SUBJECT ADDED ENTRY--TOPICAL TERM
Topical term or geographic name entry element Control Systems
654 ## - SUBJECT ADDED ENTRY--FACETED TOPICAL TERMS
Focus term optimal
942 ## - ADDED ENTRY ELEMENTS (KOHA)
Koha item type BOOK
Holdings
Withdrawn status Lost status Damaged status Not for loan Collection Home library Current library Date acquired Source of acquisition Cost, normal purchase price Inventory number Total Checkouts Full call number Barcode Date last seen Cost, replacement price Price effective from Koha item type
        CRC Fr. Agnel's C.Rodrigues College of Engineering Fr. Agnel's C.Rodrigues College of Engineering 17/03/2023 Allied Publishers 956.00 986 dt 03.02.2017   NAI 24639 17/03/2023 1195.00   BOOK